Tytuły filmów po hiszpańsku - Statystyki

Ogólne statystyki
  • Ten quiz został rozwiązany 875 razy
    866 od ostatniego zresetowania
  • Średni wynik to 8 z 24
Statystyki odpowiedzi
Rok Hiszpański Polski % Poprawnych
1991 La bella y la bestia Piękna i bestia
92%
2009 Resacón en Las Vegas Kac Vegas
66%
1985 Regreso al futuro Powrót do przyszłości
64%
1990 Solo en casa Kevin sam w domu
63%
1999 La milla verde Zielona mila
61%
2005 Los cuatro fantásticos Fantastyczna czwórka
56%
2019 Cómo me convertí en gánster. Una historia real Jak zostałem gangsterem. Historia prawdziwa
55%
1977 La guerra de las galaxias Gwiezdne wojny
53%
1989 La sirenita Mała Syrenka
43%
1999 El sexto sentido Szósty zmysł
37%
1993 En el nombre del padre W imię ojca
35%
2016 La última familia Ostatnia rodzina
33%
2002 El hombre araña Spider-Man
28%
2009 Todo lo que amo Wszystko, co kocham
23%
2003 Bajo el sol de la Toscana Pod słońcem Toskanii
21%
2003 La joven de la perla Dziewczyna z perłą
16%
2010 El discurso del rey Jak zostać królem
16%
2013 La gran belleza Wielkie piękno
16%
2008 El caballero oscuro Mroczny Rycerz
15%
1969 La sal de la tierra negra Sól ziemi czarnej
13%
1948 Ladrón de bicicletas Złodzieje rowerów
12%
1984 Los cazafantasmas Pogromcy duchów
10%
2012 Valiente Brave
8%
2015 Las hijas del baile Córki dancingu
8%
Nie znaleziono quizów pasujących do podanych kryteriów
Rozkład punktacji
Procent ludzi z każdym wynikiem
Percentyl według liczby udzielonych odpowiedzi
Twoja historia wyników
Nie rozwiązałeś tego quizu od ostatniego zresetowania